Mi planta de naranja-lima

Uloženo v:
Podrobná bibliografie
Hlavní autor: Vasconcelos, José Mauro de (Autor)
Médium: Kniha
Jazyk:španělština
Vydáno: Buenos Aires Ateneo 2008
Vydání:3a. ed
Témata:
Tagy: Přidat tag
Žádné tagy, Buďte první, kdo vytvoří štítek k tomuto záznamu!

MARC

LEADER 00000cam a2200000 a 4500
001 UCI7373
003 CL-VaPUC
005 20201104133731.0
008 080626e20080000AG |||||||||||||||||spa|d
020 |a 9789500204446 
040 |c Pontificia Universidad Católica de Valparaíso 
082 0 4 |a B869.3  |b VAS  |2 21 
100 0 |a Vasconcelos, José Mauro de  |e author  |9 530579 
245 1 0 |a Mi planta de naranja-lima 
250 |a 3a. ed 
260 |a Buenos Aires  |b Ateneo  |c 2008 
300 |a 178 p 
583 |a last modification  |c 20190711 09:18:08  |k Rodrigo Vera 
650 7 |a NOVELAS BRASILERAS  |2 CL-VaPUC  |9 530580 
650 7 |a LITERATURA BRASILERA  |2 CL-VaPUC  |9 530581 
942 |c BK 
945 |d 20080626 00:00:00  |a jtorresc 
999 |c 330668  |d 330666 
952 |0 0  |1 0  |3 erb  |4 0  |6 B_869_300000000000000_VAS_2008  |7 0  |8 A  |9 416356  |a BIBEDU  |b BIBEDU  |i 5555191  |l 1  |o B869.3 VAS 2008  |p 5555191  |r 2024-04-16  |s 2024-03-12  |w 2019-11-22  |y BK  |z Catalogado en:20190712  |k EPE 
952 |0 0  |1 0  |3 erb  |4 0  |6 B_869_300000000000000_VAS_2008  |7 0  |8 A  |9 416357  |a BIBEDU  |b BIBEDU  |i 5555183  |l 1  |o B869.3 VAS 2008  |p 5555183  |r 2025-05-08  |s 2025-04-07  |w 2019-11-22  |y BK  |z Catalogado en:20190712  |k EPE 
952 |0 0  |1 0  |3 erb  |4 0  |6 B_869_300000000000000_VAS_2008  |7 0  |8 A  |9 416358  |a BIBEDU  |b BIBEDU  |i 5555175  |o B869.3 VAS 2008  |p 5555175  |r 2019-11-22  |w 2019-11-22  |y BK  |z Catalogado en:20190712  |k EPE